Fuchsian groups
Saved in:
| Hovedforfatter: | |
|---|---|
| Format: | Bog |
| Sprog: | engelsk |
| Udgivet: |
Chicago
The University of Chicago Press
1992
|
| Serier: | Chicago Lectures in Mathematics Series
|
| Fag: | |
| Tags: |
Tilføj Tag
Ingen Tags, Vær først til at tagge denne postø!
|
MARC
| LEADER | 00000cam a2200000 a 4500 | ||
|---|---|---|---|
| 001 | UCF8235 | ||
| 003 | CL-VaPUC | ||
| 008 | 130808e19920000us |||||||||||||||||eng|d | ||
| 020 | |a 0226425835 | ||
| 082 | 0 | 4 | |a 515.93 |b KAT |2 21 |
| 100 | |a Katok, Svetlana |e author |9 570327 | ||
| 245 | 1 | 0 | |a Fuchsian groups |
| 300 | |a 175 p | ||
| 942 | |c BK | ||
| 945 | |d 20130808 11:32:00 |a cmena | ||
| 260 | |a Chicago |b The University of Chicago Press |c 1992 | ||
| 650 | 0 | |a Funciones de variables complejas |9 260212 | |
| 650 | 0 | |a Funciones de una variable |9 424999 | |
| 650 | 0 | |a Funciones (Matemáticas) |9 338128 | |
| 583 | |a last modification |c 20130808 11:32:00 |k Rodrigo Vera | ||
| 490 | 0 | |a Chicago Lectures in Mathematics Series | |
| 999 | |c 352857 |d 352855 | ||
| 952 | |0 0 |1 0 |4 0 |6 515_930000000000000_KAT_1992 |7 0 |8 A |9 457591 |a BIBMAT |b BIBMAT |d 2019-11-22 |i 4993098 |l 4 |m 4 |o 515.93 KAT 1992 |p 4993098 |r 2025-01-07 |s 2023-03-23 |w 2019-11-22 |y BK |k MAT | ||